The stusy of premeaning mortality rate of swine in kandal province, ការសិក្សាពីអត្រាស្លាប់របស់កូនជ្រូកមុនពេលផ្ដាច់ដោះនៅក្នុងខេត្តកណ្ដាល (Record no. 2272)
[ view plain ]
| 000 -LEADER | |
|---|---|
| fixed length control field | 00631nam a22001577a 4500 |
| 003 - CONTROL NUMBER IDENTIFIER | |
| control field | OSt |
| 005 - DATE AND TIME OF LATEST TRANSACTION | |
| control field | 20151009093102.0 |
| 008 - FIXED-LENGTH DATA ELEMENTS--GENERAL INFORMATION | |
| fixed length control field | 151009b xxu||||| |||| 00| 0 eng d |
| 040 ## - CATALOGING SOURCE | |
| Transcribing agency | RUA |
| 082 ## - DEWEY DECIMAL CLASSIFICATION NUMBER | |
| Classification number | AVM OEU 2008 B083 Or.1 |
| 100 ## - MAIN ENTRY--PERSONAL NAME | |
| 9 (RLIN) | 2415 |
| Personal name | OEUNG, BOPHA. |
| 245 ## - TITLE STATEMENT | |
| Title | The stusy of premeaning mortality rate of swine in kandal province, ការសិក្សាពីអត្រាស្លាប់របស់កូនជ្រូកមុនពេលផ្ដាច់ដោះនៅក្នុងខេត្តកណ្ដាល |
| 260 ## - PUBLICATION, DISTRIBUTION, ETC. (IMPRINT) | |
| Place of publication, distribution, etc. | Phnom Penh |
| Name of publisher, distributor, etc. | RUA |
| Date of publication, distribution, etc. | 2008 |
| 300 ## - PHYSICAL DESCRIPTION | |
| Extent | 37p. |
| Other physical details | ill. |
| Dimensions | 29cm. |
| 942 ## - ADDED ENTRY ELEMENTS (KOHA) | |
| Source of classification or shelving scheme | |
| Koha item type | ATM.s |
| Price effective from | Date last seen | Permanent Location | Not for loan | Date acquired | Source of classification or shelving scheme | Koha item type | Barcode | Lost status | Damaged status | Shelving location | Withdrawn status | Current Location | Full call number |
|---|---|---|---|---|---|---|---|---|---|---|---|---|---|
| 2015-10-09 | 2015-10-09 | Library Block B | 2015-10-09 | ATM.s | RUA025483 | B083 | Library Block B | AVM OEU 2008 B083 Or.1 | |||||
| 2015-10-09 | 2015-10-09 | Library Block B | 2015-10-09 | ATM.s | RUA016817 | B083 | Library Block B | AVM OEU 2008 B083 Or.2 | |||||
| 2015-10-09 | 2015-10-09 | Library Block B | 2015-10-09 | ATM.s | RUA009567 | B083 | Library Block B | AVM OEU 2008 B083 Or.3 | |||||
| 2015-10-09 | 2015-10-09 | Library Block B | 2015-10-09 | ATM.s | RUA019888 | B083 | Library Block B | AVM OEU 2008 B083 Or.4 | |||||
| 2015-10-09 | 2015-10-09 | Library Block B | 2015-10-09 | ATM.s | RUA019744 | B083 | Library Block B | AVM OEU 2008 B083 Or.5 | |||||
| 2015-10-09 | 2015-10-09 | Library Block B | 2015-10-09 | ATM.s | RUA007855 | B083 | Library Block B | AVM OEU 2008 B083 Or.6 | |||||
| 2015-10-09 | 2015-10-09 | Library Block B | 2015-10-09 | ATM.s | RUA008565 | B083 | Library Block B | AVM OEU 2008 B083 Or.7 | |||||
| 2015-10-09 | 2015-10-09 | Library Block B | 2015-10-09 | ATM.s | RUA007786 | B083 | Library Block B | AVM OEU 2008 B083 Or.8 |